UM Logo

A Holistic approach in understanding: (Record no. 13235)

MARC details
000 -LEADER
fixed length control field 00851nam a22002417a 4500
008 - FIXED-LENGTH DATA ELEMENTS--GENERAL INFORMATION
fixed length control field 190215b ||||| |||| 00| 0 eng d
020 ## - INTERNATIONAL STANDARD BOOK NUMBER
International Standard Book Number 978-971-821-744-3
082 ## - DEWEY DECIMAL CLASSIFICATION NUMBER
Edition number 2018
Classification number DFil 155.9042
Item number H717
100 ## - MAIN ENTRY--PERSONAL NAME
Personal name Otig,Vergie S.
9 (RLIN) 36989
245 ## - TITLE STATEMENT
Title A Holistic approach in understanding:
Remainder of title The Self /
Statement of responsibility, etc. Vergie S. Otig [and four others].
260 ## - PUBLICATION, DISTRIBUTION, ETC. (IMPRINT)
Place of publication, distribution, etc. Malabon City :
Name of publisher, distributor, etc. MUTYA Publishing House, Inc.,
Date of publication, distribution, etc. ©2018.
300 ## - PHYSICAL DESCRIPTION
Extent xi, 199 pages:
Other physical details illustrations;
Dimensions 25 cm.
500 ## - GENERAL NOTE
General note Includes references.
650 ## - SUBJECT ADDED ENTRY--TOPICAL TERM
Topical term or geographic name as entry element Mind and body.
9 (RLIN) 36990
650 ## - SUBJECT ADDED ENTRY--TOPICAL TERM
Topical term or geographic name as entry element Stress management.
9 (RLIN) 36991
650 ## - SUBJECT ADDED ENTRY--TOPICAL TERM
Topical term or geographic name as entry element Stress (Psychology).
9 (RLIN) 18266
700 ## - ADDED ENTRY--PERSONAL NAME
Personal name Otig, Vergie S.
9 (RLIN) 36992
700 ## - ADDED ENTRY--PERSONAL NAME
Personal name Gallinero, Winston B.
9 (RLIN) 36993
700 ## - ADDED ENTRY--PERSONAL NAME
Personal name Bataga, Noemi U.
9 (RLIN) 2928
700 ## - ADDED ENTRY--PERSONAL NAME
Personal name Salado, Fritzie B.
9 (RLIN) 36994
700 ## - ADDED ENTRY--PERSONAL NAME
Personal name Visande, Josephine C.
9 (RLIN) 36995
942 ## - ADDED ENTRY ELEMENTS (KOHA)
Source of classification or shelving scheme Dewey Decimal Classification
Koha item type Filipiniana
Holdings
Withdrawn status Lost status Source of classification or shelving scheme Damaged status Not for loan Collection code Home library Current library Shelving location Date acquired Source of acquisition Total Checkouts Full call number Barcode Date last seen Date last checked out Copy number Price effective from Koha item type
    Dewey Decimal Classification     Filipiniana UM Digos College - LIC UM Digos College - LIC Book Cart 02/15/2019 Purchased 3 DFil 155.9042 H717 2018 25401 05/15/2025 11/26/2019 1 02/15/2019 Filipiniana